| 000 | 00393nam a2200145Ia 4500 | ||
|---|---|---|---|
| 008 | 151213s9999 xx 000 0 und d | ||
| 100 | _aA. J. F. Collins | ||
| 245 |
_aJohnson Rassels Privew of Abyssinia _cA. J. F. Collins |
||
| 260 |
_aLondon _bUniversity Tutorial Press |
||
| 300 | _a4471 p. | ||
| 650 | _aAutobiography | ||
| 650 | _aReference | ||
| 700 | _aA. J. F. Collins | ||
| 999 |
_c2846 _d2846 |
||